Music Quiz

Random Music or Lyrics Quiz
Score 0/283 Timer 07:00
1 Play Today
% Correct
I
97.2%
I
97.2%
I
97.2%
I
97.2%
I
97.2%
I
97.2%
I
97.2%
I
97.2%
I
97.2%
I
97.2%
I
97.2%
I
97.2%
I
97.2%
I
97.2%
I
97.2%
I
97.2%
I
97.2%
a
94.9%
a
94.9%
a
94.9%
you
94.8%
you
94.8%
you
94.8%
you
94.8%
You
94.8%
you
94.8%
you
94.8%
you
94.8%
you
94.8%
You
94.8%
you
94.8%
you
94.8%
love
87.2%
the
85.7%
the
85.7%
the
85.7%
me
81.1%
me
81.1%
me
81.1%
me
81.1%
me
81.1%
me
81.1%
be
78.1%
be
78.1%
be
78.1%
be
78.1%
be
78.1%
be
78.1%
be
78.1%
to
76.1%
to
76.1%
to
76%
it
72.2%
It
72.2%
it
72.2%
it
72.2%
It
72.2%
it
72.2%
It
72.2%
it
72.2%
it
72.2%
It
72.2%
it
72.2%
and
72.2%
and
72.2%
And
72.2%
and
72.2%
on
70.7%
on
70.7%
in
66.8%
in
66.8%
in
66.8%
no
66.6%
no
66.6%
no
66.6%
no
66.6%
no
66.6%
no
66.6%
no
66.6%
no
66.6%
no
66.6%
for
65.7%
for
65.7%
for
65.7%
for
65.7%
for
65.7%
for
65.7%
for
65.7%
for
65.7%
for
65.7%
your
63.2%
your
63.2%
your
63.2%
your
63.2%
that
61.5%
% Correct
that
61.5%
that
61.5%
That
61.5%
that
61.5%
that
61.5%
that
61.5%
So
55.6%
So
55.6%
So
55.5%
can't
53.9%
can't
53.9%
can't
53.9%
one
52.4%
Don't
51.9%
Don't
51.9%
Don't
51.9%
Don't
51.9%
don't
51.9%
don't
51.9%
Don't
51.9%
know
51.1%
know
51.1%
know
51.1%
know
51.1%
When
50.9%
this
48.9%
this
48.9%
this
48.9%
baby
47.7%
Baby
47.7%
Baby
47.7%
Baby
47.7%
Baby
47.7%
Baby
47.7%
Baby
47.7%
Baby
47.7%
see
47%
see
47%
see
47%
but
45.5%
But
45.5%
but
45.5%
but
45.5%
You're
44.7%
you're
44.7%
you're
44.7%
Just
43.7%
just
43.7%
Just
43.7%
Just
43.7%
just
43.7%
there
43.3%
more
41.9%
more
41.9%
more
41.9%
more
41.9%
girl
41.3%
I'm
40.9%
I'm
40.9%
I'm
40.9%
I'm
40.9%
I'm
40.8%
with
40%
two
38.7%
two
38.7%
two
38.6%
wanna
37.9%
wanna
37.9%
wanna
37.9%
wanna
37.9%
wanna
37.9%
wanna
37.9%
wanna
37.9%
wanna
37.9%
wanna
37.9%
wanna
37.9%
wanna
37.9%
it's
37.4%
tell
37.1%
tell
37.1%
Bye, bye, bye (bye bye)
37.1%
bye, bye, bye (bye bye)
37.1%
bye, bye, bye (bye bye)
37.1%
bye, bye, bye (bye bye)
37.1%
bye, bye, bye (bye bye)
37.1%
bye, bye, bye (bye bye)
37.1%
bye, bye, bye
37.1%
Bye bye
37.1%
Bye, bye, bye...
37.1%
had
36.1%
had
36.1%
had
36.1%
now
35.8%
Now
35.8%
now
35.8%
% Correct
time
34.6%
out
34.5%
out
34.5%
out
34.5%
ain't
34.4%
ain't
34.4%
ain't
34.4%
ain't
34.4%
ain't
34.4%
ain't
34.4%
make
34.1%
make
34.1%
make
34.1%
lie
34.1%
lie
34.1%
lie
34.1%
lie
34.1%
lie
34.1%
lie
34.1%
come
33.6%
come
33.6%
come
33.6%
take
33.5%
take
33.5%
fool
32.4%
fool
32.4%
fool
32.4%
would
32.1%
give
30%
right
29.5%
game
29.4%
game
29.4%
game
29.4%
hate
27.7%
hate
27.7%
gonna
27.6%
may
27.5%
may
27.5%
than
27.1%
good
26.8%
life
25.9%
Hey
25.3%
(Hey, hey)
25.3%
another
25.1%
another
25.1%
up
25%
tonight
24.7%
might
24.6%
might
24.6%
leave
24.1%
door
24.1%
door
24.1%
fight
24%
start
23.8%
player
23.6%
player
23.6%
enough
23.5%
enough
23.5%
enough
23.5%
doing
22.8%
live
22.3%
gone
22.2%
loved
21.7%
really
21.5%
really
21.5%
really
21.5%
crazy
21.4%
crazy
21.4%
reason
21.2%
reason
21.2%
I've
21.1%
probably
20.6%
weren't
19.8%
sound
19.4%
sound
19.4%
much
19%
hit
18.6%
better
18.1%
truth
17.8%
alone
17.7%
tough
17.5%
tough
17.5%
endlessly
16.5%
off
15.3%
leaving
14.8%
once
14%
welcome
13.6%
behind
11.8%
sure
11.7%
loser
8%
giving
6.7%
signin'
5.2%
checkin'
4.6%
Remove Ads.
Support Sporcle.
Get the best of Sporcle when you Go Orange. This ad-free experience offers more features, more stats, and more fun while also helping to support Sporcle. Thank you for becoming a member.

You're not logged in!

Compare scores with friends on all Sporcle quizzes.
OR
Log In

Show Comments

Extras

Top Quizzes Today


Score Distribution

Your Account Isn't Verified!

In order to create a playlist on Sporcle, you need to verify the email address you used during registration. Go to your Sporcle Settings to finish the process.

Report this User

Report this user for behavior that violates our Community Guidelines.

Details: